[Event "1st Longtou Cup Belt and Road"]
[Site "Qinhuangdao"]
[Date "2018.05.29"]
[Round "4"]
[White "Chen, Qi b"]
[Black "Paramzina, Anastasya"]
[Result "1-0"]
[WhiteElo "2432"]
[BlackElo "2255"]
[Annotator "TA"]
[PlyCount "65"]
[EventDate "2018.??.??"]
[EventCountry "CHN"]
[SourceTitle "playchess.com"]
[Source "ChessBase"]
[SourceQuality "1"]

{[%evp 16,65,31,35,55,66,75,77,108,95,90,91,131,148,132,140,126,132,164,144,172,134,208,196,199,192,229,238,272,269,264,254,262,259,259,208,281,301,286,268,336,323,2682,2440,6295,6295,29992,29993,29995,29996,29996,29997]} 1. e4 c5 2. Nf3 d6 3. d4 cxd4 4. Nxd4 Nf6 5. Nc3 a6 6. h3 e6 7. g4 h6 8. f4 Nc6 9. Be3 {LiveBook: 77 Games} Nd7 {B81: Sicilian Scheveningen: Keres Attack} (9... Bd7 10. Bg2 Rc8 11. O-O Be7 12. Qe2 b5 13. Qf2 O-O 14. Nb3 Qc7 15. a3 b4 16. axb4 Nxb4 17. Nd4 {½-½ (46) Jakovenko,D (2731)-Timofeev,A (2598) Sochi 2016}) 10. Qd2 Be7 11. O-O-O O-O {White is better.} 12. Nxc6 $146 ({Predecessor:} 12. h4 Nxd4 13. Bxd4 e5 14. Bf2 exf4 15. Qxf4 {1-0 (55) Adair,J (2205)-Bates,R (2382) Canterbury 2010}) 12... bxc6 13. h4 d5 14. g5 {Strongly threatening gxh6.} (14. exd5 $6 exd5 15. g5 h5 $11) 14... h5 15. f5 Bb4 16. a3 $36 {[%mdl 2048] White has strong initiative.} Ba5 17. Be2 (17. exd5 $6 exd5 18. f6 g6 $14) 17... Rb8 18. Bxh5 Ne5 {[#]} (18... Nb6 $16 {is a better defense.}) 19. Be2 $1 $18 (19. exd5 exd5 20. Be2 Bxf5 $11) 19... exf5 20. exd5 cxd5 21. b4 ({And not} 21. Qxd5 Bxc3 22. bxc3 (22. Qxd8 $2 {loses.} Bxb2+ 23. Kb1 Bd4+ 24. Kc1 Bb2+ 25. Kb1 Bd4+ 26. Kc1 Bb2+ $19) 22... Qxd5 $14) 21... Bc7 22. Nxd5 {Black must now prevent Qc3.} Bb7 23. Rhf1 Bxd5 24. Qxd5 Qc8 25. Bf4 Ng6 26. Bxc7 Qxc7 27. Qxf5 ({Not} 27. Rxf5 Rbd8 $16) 27... Nxh4 28. Qf4 Qe7 $2 (28... Qxf4+ 29. Rxf4 Ng6) 29. Qxh4 Qe3+ 30. Kb2 {[#] Rh1 would kill now.} Qxe2 31. Rh1 {[%csl Gh1][%cal Rh4h8] White mates.} Qe5+ 32. Kb1 {[%csl Gh1][%cal Rh4h8]} f5 33. g6 {Precision: White = 71%, Black = 38%.} 1-0

[Event "1st Longtou Cup Belt and Road"]
[Site "Qinhuangdao"]
[Date "2018.05.29"]
[Round "4"]
[White "Khademalsharieh, Sarasadat"]
[Black "Antipov, Mikhail Al"]
[Result "0-1"]
[WhiteElo "2425"]
[BlackElo "2597"]
[Annotator "TA"]
[PlyCount "98"]
[EventDate "2018.??.??"]
[EventCountry "CHN"]
[SourceTitle "playchess.com"]
[Source "ChessBase"]
[SourceQuality "1"]

{[%evp 9,98,37,43,27,23,12,26,6,26,9,10,7,8,5,20,12,34,35,60,8,13,16,20,16,31,22,24,20,18,8,22,17,29,14,22,18,27,41,55,32,51,24,105,97,91,97,90,29,27,0,0,-34,-31,-45,-45,-74,-70,-91,0,0,-10,-88,-87,-84,-92,-104,-102,-144,-150,-203,-165,-192,-163,-299,-300,-585,-556,-710,-710,-726,-714,-2130,-2433,-3966,-1723,-936,-730,-12837,-12837,-12838,-189]} 1. d4 Nf6 2. c4 e6 3. Nf3 Ne4 4. Qc2 (4. g3 Bb4+ 5. Nbd2 Nxd2 6. Bxd2 Bxd2+ 7. Qxd2 d6 8. Bg2 O-O 9. O-O a5 10. Rac1 Nd7 11. c5 Nf6 12. cxd6 cxd6 {0-1 (29) Mikaelyan,A (2486)-Fedoseev,V (2724) Moscow 2018}) 4... Bb4+ 5. Nbd2 Nxd2 6. Bxd2 {E10: Blumenfeld Gambit} (6. Nxd2 {feels hotter.} b6 7. e3 Bb7 8. a3 Be7 9. b4) 6... Bxd2+ 7. Qxd2 O-O $146 ({Predecessor:} 7... d6 8. e3 b6 9. Be2 Bb7 10. Qc3 Nd7 11. Qc2 Nf6 {0-1 (23) Karpoff,K (1682)-Sorokin,M (2062) ICCF email 2015}) 8. e3 {White has an edge.} d6 9. Bd3 Qe7 10. O-O e5 11. Qc2 f5 {Threatens to win with ...e4.} 12. c5 Kh8 13. cxd6 cxd6 {Strongly threatening ...e4.} 14. Bc4 (14. dxe5 $14 dxe5 15. e4) 14... e4 $11 15. Nd2 Nc6 16. Rac1 Bd7 17. Qb3 Be8 18. Bd5 Bf7 19. a3 Bxd5 20. Qxd5 Rf6 21. b4 Qd7 22. Rc3 Raf8 23. Rfc1 Ne7 24. Qb3 d5 25. Rc7 Qe6 (25... Qd6 $11 {remains equal.}) 26. f4 $1 $16 exf3 27. Nxf3 f4 {[#]} 28. exf4 (28. Re1 $1 $16 {Hoping for exf4.} Ng6 29. e4 (29. Rxb7 fxe3 30. Qxe3 Qc8 $11)) 28... Rxf4 $11 29. Qd3 Ng6 {[%cal Be7g6,Bg6f4,Bf4e2][%mdl 32]} 30. R7c2 Re4 {And now ...Nf4 would win.} 31. Rf1 h6 32. Rcf2 Nf4 33. Qd2 {[#]} Re2 (33... Ne2+ $1 $17 34. Kh1 Rff4) 34. Rxe2 Nxe2+ 35. Kh1 (35. Kf2 $1 $11 {keeps the balance.} Nf4 36. g3 Nh3+ 37. Kg2) 35... Qe4 $36 {[%mdl 2048] Black has strong initiative.} 36. Qd1 Rf4 37. Nd2 Qxd4 38. Qxe2 {Black must now prevent Rxf4.} Qxd2 {[%mdl 4096] Endgame KQR-KQR} 39. Qe8+ (39. Qd1 $17 {keeps fighting.}) 39... Kh7 $19 {[%cal Rf4f1]} 40. Rg1 Qd3 41. Qd7 (41. Qb8 {might work better.} Rf7 42. Qg3 Qxg3 43. hxg3) 41... d4 {[%cal Bd5d4,Bd4d3][%mdl 32]} ({Much less strong is} 41... Qxa3 42. Qxb7 Qxb4 43. Qxd5 $19) 42. Qxb7 $2 (42. h3) 42... Qe2 {Black is clearly winning.} ({Not} 42... Qxa3 43. Qc7 $17) 43. Qc7 Rf2 ({Weaker is} 43... Rf1 44. h3 $17) 44. h3 d3 45. Qc1 Qe4 46. Qb1 Re2 47. Kh2 h5 48. a4 Kh6 49. b5 Qe5+ $2 {Precision: White = 31%, Black = 75%.} (49... Qf4+ 50. Kh1 d2) 0-1

[Event "1st Longtou Cup Belt and Road"]
[Site "Qinhuangdao"]
[Date "2018.05.29"]
[Round "4"]
[White "Nie, Xinyang"]
[Black "Xu, Yinglun"]
[Result "0-1"]
[WhiteElo "2364"]
[BlackElo "2539"]
[Annotator "TA"]
[PlyCount "112"]
[EventDate "2018.??.??"]
[EventCountry "CHN"]
[SourceTitle "playchess.com"]
[Source "ChessBase"]
[SourceQuality "1"]

{[%evp 18,112,18,0,39,41,38,35,59,0,14,0,10,5,26,27,33,13,41,36,52,47,65,27,34,37,35,18,22,19,50,0,3,0,0,0,0,0,10,0,0,-52,-52,-74,-74,-115,-111,-219,-224,-270,-243,-666,-426,-467,-478,-476,-470,-435,-465,-1475,-491,-468,-475,-435,-403,-366,-407,-408,-380,-397,-388,-379,-370,-361,-351,-508,-508,-508,-507,-507,-503,-504,-501,-425,-290,-290,-290,-705,-603,-4133,-3835,-3459,-2471,-2200,-1787,-1388,-1140]} 1. Nf3 e6 2. c4 c5 3. e3 Nf6 4. Nc3 Nc6 5. d4 d5 6. a3 a6 7. dxc5 Bxc5 8. b4 Ba7 9. Bb2 O-O 10. Be2 {LiveBook: 78 Games} Ne7 {D40: Queen's Gambit Declined: Semi-Tarrasch with 5 e3} (10... d4 11. exd4 Nxd4 12. O-O e5 13. c5 Nc6 14. Na4 Qe7 15. Re1 Bf5 16. Bd3 Bxd3 17. Qxd3 Rad8 18. Qf5 {½-½ (65) Iturrizaga Bonelli,E (2613)-Flores,D (2567) Montevideo 2015}) 11. O-O dxc4 $146 ({Predecessor:} 11... Bd7 12. Qb3 dxc4 13. Bxc4 b5 14. Be2 Ned5 15. Rfd1 Qe7 16. Ne5 Rfd8 17. Bf3 Be8 18. Rac1 {1-0 (45) Poupar,A-Netzer,J France 1999}) 12. Bxc4 b5 {White is slightly better.} 13. Bb3 Bb7 14. Qe2 Qb8 15. Rfd1 Rc8 16. Rac1 Nf5 17. h3 Bc6 18. Nb1 Qb7 19. Nbd2 h6 20. Bc2 {aiming for Bxf6.} (20. Bxf6 $5 gxf6 21. Bc2 $14) 20... Ne4 21. Nxe4 Bxe4 22. Bxe4 Qxe4 23. Nd2 Qh4 24. Nf3 Qe4 25. Nd2 Qb7 26. Nb3 Rxc1 $40 {[%mdl 128] Black has some attack.} 27. Rxc1 Rc8 28. Rxc8+ (28. Rd1 {keeps more tension.} Bb6 29. e4 Ne7 30. Bd4 Bxd4 31. Rxd4 Nc6 32. Rd1) 28... Qxc8 29. e4 ({Better is} 29. Qd3 $11) 29... Nd6 $1 $15 30. Qd3 Nc4 31. Bc1 Qc7 32. g3 (32. Qc3 $17 {was called for.}) 32... Ne5 $19 33. Qd1 Qc4 34. Nd2 $2 (34. Nc5 Bxc5 35. bxc5) 34... Qc3 {( -> ...Qxg3+)} 35. Nf1 {[#]} Bxf2+ $1 {[%mdl 512]} 36. Kxf2 Nd3+ 37. Kg2 Nxc1 38. a4 (38. Qd7 $142 Qc2+ 39. Qd2 Qxe4+ 40. Kh2) 38... Nd3 (38... bxa4 $142 {Strongly threatening ...a3.} 39. Qxa4 Qb2+ 40. Kg1 Ne2+ 41. Kh1 Qd4 42. Qe8+ Kh7) 39. axb5 axb5 40. Qe2 Qc2 41. Qxc2 Ne1+ 42. Kf2 Nxc2 {[%mdl 4096] Endgame KN-KN} 43. Nd2 Nxb4 44. Ke3 Nc6 45. Nb1 Kf8 46. Nc3 (46. Na3 $142 b4 47. Nc4) 46... b4 47. Nb5 Ke7 48. Kd3 Na5 49. Kd4 h5 50. Kc5 Nb3+ 51. Kxb4 Nd2 52. Nc3 $2 {[#]} (52. e5) 52... Kd6 {Black is clearly winning.} 53. g4 hxg4 54. hxg4 Ke5 55. Nb5 g5 56. Kc3 Nxe4+ {Precision: White = 43%, Black = 58%.} 0-1

[Event "1st Longtou Cup Belt and Road"]
[Site "Qinhuangdao"]
[Date "2018.05.29"]
[Round "4"]
[White "Ning, Kaiyu"]
[Black "Peng, Xiongjian"]
[Result "0-1"]
[WhiteElo "2222"]
[BlackElo "2427"]
[Annotator "TA"]
[PlyCount "66"]
[EventDate "2018.??.??"]
[EventCountry "CHN"]
[SourceTitle "playchess.com"]
[Source "ChessBase"]
[SourceQuality "1"]

{[%evp 23,66,0,5,-29,-30,-39,-29,-29,-20,-27,-20,-33,-19,-24,-34,-39,-52,-77,-31,-14,-16,-14,0,-51,-6,-9,0,-243,-254,-230,-231,-235,-256,-251,-239,-244,-244,-246,-242,-310,-328,-322,-312,-596,-582]} 1. d4 Nf6 2. c4 e6 3. Nf3 Bb4+ 4. Nbd2 O-O 5. a3 Be7 6. e4 d5 7. e5 Nfd7 8. Qc2 c5 9. Bd3 h6 10. O-O Nc6 11. cxd5 exd5 12. Re1 Re8 13. Bf5 {E11: Bogo-Indian} Nf8 14. dxc5 Bxf5 15. Qxf5 {[#] Black has an edge.} Bxc5 $146 ({Predecessor:} 15... a5 16. Nb3 a4 17. Nbd4 Bxc5 18. Be3 Qb6 19. Rad1 Ne6 20. Nxe6 Bxe3 21. Rxe3 fxe6 {0-1 (60) Cramling,P (2525)-Wahls,M (2540) Biel 1994}) 16. b4 Bb6 17. Bb2 Ne6 18. Rad1 a5 19. b5 Ne7 {[%cal Bc6e7,Be7g6,Bg6e5,Be5d3][%mdl 32]} 20. Qg4 Qc8 {aiming for ...Qc2.} 21. Rc1 Qb8 22. Nb3 Qa7 23. Nfd4 ({White should try} 23. Nbd4 $11) 23... Ng6 (23... h5 $5 24. Qd1 (24. Qxh5 $2 Nxd4 25. Bxd4 Bxd4 $19) 24... a4 25. Nxe6 Bxf2+ 26. Kh1 Bxe1 $17) 24. a4 Rac8 {Strongly threatening ...Rc4.} 25. Kh1 $2 (25. Nxe6 $1 $11 Bxf2+ 26. Kh1 Bxe1 27. Bd4 Rxc1 28. Bxa7) 25... Rxc1 $19 26. Rxc1 {Hoping for Nxe6.} Nxe5 27. Qd1 {[#] And now Nxe6 would win.} Nf4 $1 28. Qc2 Ned3 29. Rf1 Nxb2 30. Qxb2 {[#]} Bxd4 $1 $40 {[%mdl 128] Black wants a kill.} 31. Qxd4 Qxd4 32. Nxd4 Re4 33. Rd1 $2 {[#]} (33. Nf5) 33... Nd3 $1 {[%mdl 512] Precision: White = 44%, Black = 66%.} 0-1

[Event "1st Longtou Cup Belt and Road"]
[Site "Qinhuangdao"]
[Date "2018.05.30"]
[Round "5"]
[White "Wang, Hao"]
[Black "Peng, Xiongjian"]
[Result "1-0"]
[WhiteElo "2710"]
[BlackElo "2427"]
[Annotator "TA"]
[PlyCount "91"]
[EventDate "2018.??.??"]
[EventCountry "CHN"]
[SourceTitle "playchess.com"]
[Source "ChessBase"]
[SourceQuality "1"]

{[%evp 14,91,20,20,18,15,21,15,8,-46,-50,-38,-28,-24,-20,-54,-58,-59,-50,-59,-55,-58,-56,-58,71,87,155,115,210,220,207,207,204,200,211,208,195,206,198,189,203,199,162,110,110,110,110,110,110,110,110,110,119,119,249,249,249,249,249,249,249,249,366,350,414,400,380,329,333,249,440,440,560,576,560,556,990,966,954,942]} 1. c4 c5 2. Nf3 Nc6 3. Nc3 e5 4. e3 {[%cal Be2e3,Be3d4][%mdl 32]} Nf6 5. d4 cxd4 6. exd4 e4 7. Ne5 Bb4 8. Be2 Qa5 {A34: Symmetrical English: 2 Nc3, lines with ...d5} 9. O-O Nxe5 10. dxe5 Qxe5 {The position is equal.} 11. g3 $146 (11. Bd2 $11) ({Predecessor:} 11. Bd2 Bc5 12. Nb5 O-O 13. b4 Be7 14. f4 Qe6 15. Be3 Bxb4 16. Nc7 {1-0 (47) Aronian,L (2805)-Caruana,F (2736) Wijk aan Zee 2012}) 11... Bxc3 $15 12. Bf4 Qe6 13. bxc3 O-O 14. Bd6 Re8 15. f4 {aiming for f5.} exf3 16. Bxf3 Qxc4 17. Qd2 a5 18. Rae1 {And now Bd5! would win.} Rxe1 (18... Re6 $1 $15 {keeps the upper hand.}) 19. Rxe1 $16 Ra6 (19... h6 $142) 20. Bd5 $36 {[%mdl 2048] White is on the roll.} Qg4 (20... Rxd6 $16 21. Qe3 Re6 22. Bxc4 Rxe3 23. Rxe3 Kf8) 21. Re7 $18 Qh5 22. Qe1 {White wants to mate with Re8+!} h6 23. Bxf7+ Qxf7 24. Rxf7 Kxf7 25. Qe7+ $1 Kg6 26. Qf8 $1 {[%mdl 1024] Black must now prevent Be5. White has strong compensation.} b5 {[#]} 27. Be5 $1 Bb7 28. Qb8 (28. Qc5 $18) 28... Bc6 $16 29. Qd6 Ra8 {[#]} 30. Bxf6 $1 gxf6 {[%mdl 4096] Endgame KQ-KRB} 31. Qe7 h5 32. a3 {[%cal Ba2a3,Ba3b4][%mdl 32]} Rb8 33. Kf2 b4 (33... Rc8 $16 34. Ke3 Rh8) 34. cxb4 $18 ({Don't play} 34. axb4 $6 a4 $16) 34... axb4 35. axb4 Rb5 36. Qf8 Rf5+ 37. Ke3 Re5+ (37... Rb5 $142 38. Kd2 Kf5) 38. Kd4 Rb5 39. Kc4 Re5 40. Qg8+ Kf5 41. Qf7 Kg5 $2 (41... Bb5+ {might work better.} 42. Kd4 Be2 43. Qxd7+ Kg6) 42. h3 {White is clearly winning.} Re4+ 43. Kc5 Re5+ 44. Kd6 Re1 45. Qg7+ Kf5 46. g4+ {Precision: White = 87%, Black = 32%.} 1-0

[Event "1st Longtou Cup Belt and Road"]
[Site "Qinhuangdao"]
[Date "2018.05.30"]
[Round "5"]
[White "Antipov, Mikhail Al"]
[Black "Stupak, Kirill"]
[Result "1/2-1/2"]
[WhiteElo "2597"]
[BlackElo "2556"]
[Annotator "TA"]
[PlyCount "80"]
[EventDate "2018.??.??"]
[EventCountry "CHN"]
[SourceTitle "playchess.com"]
[Source "ChessBase"]
[SourceQuality "1"]

{[%evp 14,80,29,22,29,19,8,22,33,14,0,0,0,0,23,0,35,14,45,-6,-11,0,-3,-7,-10,-5,-7,-7,0,-43,-41,-42,-56,-108,-92,-94,-88,-98,-95,-77,-33,-43,-30,-40,-41,-57,-60,-66,-36,-52,-42,-83,-24,-61,-39,-169,-167,-164,-163,-160,-160,-159,-42,-42,-54,-151,-157,-139,0]} 1. d4 Nf6 2. Bg5 e6 3. e4 h6 4. Bxf6 Qxf6 5. c3 b6 6. Bd3 {A45: Trompowsky Attack} Bb7 7. Ne2 c5 8. O-O {LiveBook: 12 Games. White has an edge.} cxd4 9. cxd4 Nc6 10. e5 Qh4 11. f4 $146 ({Predecessor:} 11. g3 Qg4 12. f3 Qg5 13. f4 {½-½ (24) Moskalenko,A (2459)-Najer,E (2634) Moscow 2013}) 11... Nb4 12. Nbc3 Nxd3 13. Qxd3 Be7 14. f5 Qg4 {[%csl Gb7][%cal Rg4g2]} 15. Ng3 (15. d5 {keeps more tension.} exf5 16. Rf4 Qg6 17. Ng3 O-O 18. Nxf5 Rfe8 19. Nxe7+ Rxe7 20. Qxg6 fxg6 21. Re1) 15... exf5 16. h3 (16. Nb5 $14) 16... Qg6 $40 {[%mdl 128] Black has some attack.} 17. d5 Ba6 $1 {[%cal Ra6d3]} 18. Qxa6 Qxg3 19. Rxf5 O-O 20. Qe2 Rae8 21. Raf1 Bc5+ 22. Kh1 Qe3 23. Qh5 (23. Re1 $15 Qxe2 24. Rxe2) 23... Bd4 {[%cal Re8e5]} 24. Rxf7 {Threatens to win with Qf5.} Qxe5 25. Qf3 Bc5 26. g3 Rxf7 27. Qxf7+ Kh7 {...Rf8 is the strong threat.} 28. Qf3 Bd4 29. Qd3+ Kg8 30. Kg2 Rf8 31. Rxf8+ Kxf8 32. Qf3+ Ke8 ({Black should try} 32... Ke7 $1 $17) 33. Nb5 a6 34. Na3 (34. Nxd4 $15 Qxd4 35. Qb3) 34... Qe1 $19 {[%csl Gd4][%cal Re1g1]} 35. h4 b5 $1 36. Kh3 Bxb2 37. Nc2 Qe5 ({Black should play} 37... Qc3 $17 38. Ne3 Qd3) 38. Nb4 $1 $15 {[%cal Rb4d3] With the idea Nd3.} Qf6 39. Qe2+ {[#]} (39. Qxf6 $15 Bxf6 40. Nxa6) 39... Kd8 $1 $17 40. Nxa6 {[#]} Bd4 {Precision: White = 37%, Black = 59%.} ({Of course not} 40... Qxa6 $6 41. Qxb2 b4 42. Qxb4 $11) (40... Ba3 $1 $17 41. Qxb5 Qf5+ 42. Kg2 Qe4+ 43. Kf2 Qd4+ 44. Kf1 Bd6) 1/2-1/2

[Event "1st Longtou Cup Belt and Road"]
[Site "Qinhuangdao"]
[Date "2018.05.30"]
[Round "5"]
[White "Idani, Pouya"]
[Black "Gordievsky, Dmitry"]
[Result "1-0"]
[WhiteElo "2572"]
[BlackElo "2653"]
[Annotator "TA"]
[PlyCount "73"]
[EventDate "2018.??.??"]
[EventCountry "CHN"]
[SourceTitle "playchess.com"]
[Source "ChessBase"]
[SourceQuality "1"]

{[%evp 22,73,47,43,41,45,43,35,46,39,45,45,56,52,64,50,80,78,81,65,93,88,97,87,94,85,94,95,107,106,94,92,105,101,108,109,113,79,111,85,85,85,85,85,29981,29982,29982,14,29983,29984,29984,29985,29985,29986]} 1. e4 Nc6 2. d4 e5 3. Nf3 exd4 4. Nxd4 Bb4+ 5. c3 Bc5 6. Be3 Bb6 7. Nf5 Bxe3 {C45: Scotch Game} (7... g6 8. Bxb6 axb6 9. Ne3 Nf6 10. f3 O-O 11. c4 Nh5 12. Qd2 f5 13. Nc3 f4 14. Ned5 Qh4+ 15. Qf2 {1-0 (30) Yu,Y (2729)-Bu,X (2705) Doha 2016}) 8. Nxe3 Nf6 9. f3 O-O 10. c4 d6 11. Nc3 Nd7 12. Be2 {LiveBook: 4 Games} Nc5 13. O-O a5 14. Qd2 Bd7 15. f4 Ne7 $146 16. Bf3 Bc6 17. Rae1 Kh8 18. Nc2 Ng6 19. g3 Ne7 20. Bg2 f5 21. Nd4 Bxe4 22. Bxe4 fxe4 23. Nxe4 Nf5 24. Nxf5 Nxe4 25. Rxe4 Rxf5 26. Rfe1 Qf8 27. R1e3 h6 28. g4 Rf7 29. f5 Rd7 30. Qe2 Qf6 31. Re6 $36 {[%mdl 2048] Black is under strong pressure.} Qd4 32. Kg2 d5 $2 {[%mdl 8192]} (32... Rf8 $16) 33. Re8+ Rxe8 34. Rxe8+ Kh7 {[#]} 35. g5 $1 {[%csl Gf5][%cal Rg5g6][%mdl 512] White mates.} g6 (35... hxg5 36. Qh5#) 36. Re7+ Rxe7 37. Qxe7+ {Precision: White = 90%, Black = 39%.} 1-0

[Event "1st Longtou Cup Belt and Road"]
[Site "Qinhuangdao"]
[Date "2018.05.30"]
[Round "5"]
[White "Xu, Yinglun"]
[Black "Zhao, Yuanhe"]
[Result "1-0"]
[WhiteElo "2539"]
[BlackElo "2377"]
[Annotator "TA"]
[PlyCount "121"]
[EventDate "2018.??.??"]
[EventCountry "CHN"]
[SourceTitle "playchess.com"]
[Source "ChessBase"]
[SourceQuality "1"]

{[%evp 15,121,12,38,9,28,6,33,43,61,57,52,37,41,41,40,49,82,66,78,87,107,71,117,108,117,89,106,102,125,122,127,122,118,108,112,117,102,102,108,95,111,107,112,108,116,111,120,108,123,122,125,108,122,122,113,93,125,125,130,113,113,113,113,113,113,113,129,113,114,113,129,129,143,133,197,192,181,181,229,183,184,174,250,245,335,332,319,339,327,315,416,385,792,756,664,435,885,812,1183,1158,1087,977,29976,29977,5618,2637,29983,4914]} 1. c4 c6 2. d4 d5 3. Nf3 Nf6 4. e3 g6 5. Nc3 Bg7 6. Be2 O-O 7. O-O b6 8. a4 {D94: Grünfeld: 4 Nf3 Bg7 5 e3} a6 {LiveBook: 5 Games} (8... Bb7 9. a5 bxa5 10. Qa4 dxc4 11. Qxa5 Nbd7 12. Bxc4 c5 13. dxc5 Qc8 14. Ba6 Bxa6 15. Qxa6 Qxa6 16. Rxa6 Nxc5 {0-1 (69) Sevian,S (2620)-Li,C (2744) Tbilisi 2017}) 9. Bd2 $146 ({Predecessor:} 9. Qb3 e6 10. Rd1 Nbd7 11. Qc2 Bb7 12. e4 dxc4 13. Bf4 Qe7 14. Bxc4 c5 15. d5 exd5 16. exd5 {1-0 (41) Gajewski,G (2630)-Handke,F (2525) Germany 2017}) 9... Bb7 10. Qb3 {White has an edge.} e6 11. c5 b5 12. axb5 cxb5 13. Qc2 Nc6 14. Rfd1 Qe7 15. Na2 Nd7 16. Nb4 Ndb8 17. Nd3 Nd7 18. Bc3 Rad8 19. b4 Rfe8 20. Bf1 Nf6 21. Nde5 {[#] Black must now prevent Nxc6.} Rc8 22. Nxc6 Rxc6 23. Ne5 Rc7 24. Bb2 Nd7 25. Nxd7 Qxd7 26. Ra3 Qc8 27. Bc3 Kh8 28. Rda1 Rd8 29. Qb2 Rg8 30. R1a2 f5 31. Qa1 {[%cal Ra3a6]} Rc6 32. Be2 h6 33. f3 Kh7 34. Be1 Bf6 35. Bg3 Bd8 36. Be5 Bc7 37. g3 Bxe5 38. dxe5 Rg7 39. Kf2 Rf7 40. Bd3 Kg7 41. Ke2 Qc7 42. Qd4 Qe7 43. Ra1 Bc8 44. Rh1 Qg5 (44... h5 $16 45. f4 Rf8) 45. Raa1 $18 Qe7 46. h4 Qf8 47. Qf4 Rcc7 48. g4 Kh8 (48... Kh7 {was worth a try.} 49. h5 g5) 49. gxf5 gxf5 50. Rhg1 Kh7 51. Rg4 Rg7 52. Rag1 Rcf7 53. h5 Rxg4 $2 {[#]} (53... Ra7 54. Kf2 Rac7) 54. fxg4 Rg7 55. Kf2 Qf7 (55... Kg8 $142 56. Qxh6 fxg4+ 57. Ke1 Qf7) 56. c6 Kg8 57. gxf5 Rxg1 58. Kxg1 Qxh5 59. f6 Kf8 60. Qg3 (60. Kf2 $142 Ke8 61. Qg3) 60... Qf7 61. Qg6 {Precision: White = 67%, Black = 29%.} (61. Qh4 $142 Qg8+ 62. Kf1 Qg5 63. Qd4 Qh5 64. Qa7 Qh3+ 65. Ke1 Qg3+ 66. Kd1) 1-0

[Event "1st Longtou Cup Belt and Road"]
[Site "Qinhuangdao"]
[Date "2018.05.30"]
[Round "5"]
[White "Mosadeghpour, Masoud"]
[Black "Zhang, Ziji"]
[Result "1-0"]
[WhiteElo "2535"]
[BlackElo "2361"]
[Annotator "TA"]
[PlyCount "65"]
[EventDate "2018.??.??"]
[EventCountry "CHN"]
[SourceTitle "playchess.com"]
[Source "ChessBase"]
[SourceQuality "1"]

{[%evp 27,65,10,29,-17,-14,-8,0,-45,-16,-21,-16,-23,-16,-15,0,-8,0,-1,11,9,15,22,10,12,25,0,99,79,107,93,138,129,105,112,210,182,422,423,426,429]} 1. e4 e5 2. Nf3 Nc6 3. Bb5 a6 4. Ba4 Nf6 5. O-O Be7 6. Re1 b5 7. Bb3 d6 8. c3 O-O 9. h3 Bb7 10. d4 Re8 11. Nbd2 Bf8 12. Bc2 h6 13. b3 {C93: Spanische Partie (Smyslow-Variante)} (13. a4 exd4 14. cxd4 Nb4 15. Bb1 c5 16. d5 Nd7 17. Ra3 c4 18. axb5 axb5 19. Nd4 Rxa3 20. bxa3 Nd3 21. Bxd3 cxd3 22. Bb2 Nc5 23. Bc3 Qb6 24. Re3 Bc8 25. N4b3 Qa6 26. Bb4 Qa4 27. Qb1 f5 28. exf5 Rxe3 29. fxe3 Bxf5 30. Nd4 Bd7 31. N4f3 Bf5 {½-½ (31) Yu,Y (2750)-Harikrishna,P (2758) Shenzhen 2017}) 13... Nb8 14. a4 Nbd7 {LiveBook: 5 Partien} 15. Bd3 {Weiß hat minimalen Vorteil.} d5 $146 ({Vorgänger:} 15... bxa4 16. Rxa4 exd4 17. cxd4 d5 18. e5 Ne4 19. Qc2 f5 20. exf6 Ndxf6 {1-0 (79) Luther,T (2538)-Schunk,E (2297) Saarbruecken 2002}) 16. exd5 Nxd5 17. Bb2 exd4 18. Rxe8 Qxe8 19. cxd4 Nf4 20. Bf1 bxa4 21. bxa4 Qe6 22. Qc2 Nd5 (22... Rc8 {keeps more tension.} 23. Re1 Qf6 24. g3 Nd5 25. Bd3 Qc6) 23. Ba3 Bxa3 24. Rxa3 {[%cal Ba1a3,Ba3b3,Bb3b5][%mdl 32]} a5 25. Rb3 N7b6 26. Ne5 Rc8 (26... f6 $11 27. Nd3 Bc6) 27. Rb5 $16 Nb4 28. Qc1 Nc6 29. Bc4 $36 {[%mdl 2048] Weiss hat starke Initiative.} Nxc4 {[#]} 30. d5 $1 {[%cal Rd5e6,Bd4d5,Bd5c6,Bc6b7][%mdl 32]} Qe7 (30... Qf6 $16 31. dxc6 (31. Rxb7 $2 Nd8 $19) 31... Bxc6 32. Qxc4 (32. Nexc4 Bxb5 33. axb5 a4 $11) 32... Bxb5 33. Qxb5 c5) 31. dxc6 $18 ({Und nicht} 31. Rxb7 N6xe5 32. Nxc4 Qc5 $17) 31... Nxe5 $2 (31... Ba6 {war einen Versuch wert.}) 32. cxb7 Rb8 33. Qc5 {Precision: Weiß = 73%, Schwarz = 24%.} 1-0